000 00792cam a2200241 4500
001 219
005 20181127160914.0
008 801222s1981 mnua b 001 0 eng
010 _a 80027843
043 _an-us---
100 1 _aSenna, Joseph J.
245 1 0 _aIntroduction to criminal justice /
_cJoseph J. Senna, Larry J. Siegel.
250 _a2d ed.
260 _aSt. Paul, MN :
_bWest Pub. Co.,
_cc1981.
300 _axii, 644 p. :
_bill. ;
_c26 cm.
440 0 _aCriminal justice series
504 _aIncludes bibliographical references and index.
650 0 _aCriminal justice, Administration of
_zUnited States.
650 0 _aCriminal law
_zUnited States.
650 0 _aCriminal procedure
_zUnited States.
700 1 _aSiegel, Larry J.,
_ejoint author.
740 0 _aCriminal justice.
999 _c199
_d199